|
|
|
|
| LEADER |
00661cam a2200193ua 4500 |
| 008 |
121109t2011||||||||||| 00 ||eng c |
| 041 |
0 |
|
|a eng
|
| 082 |
|
|
|a 511.5
|b DIN/S
|
| 245 |
1 |
0 |
|a Study on graph structures, incidence algebras and their fuzzy analogues.(Ph.D Thesis) /
|
| 250 |
|
|
|a Ph.D
|
| 260 |
|
|
|a Kannur:
|b Dept. of Mathematical Sciences, Kannur University,
|c 2011.
|
| 300 |
|
|
|a 212p.
|
| 362 |
1 |
|
|a 2011.
|
| 650 |
|
|
|a Fuzzy graph theory
|
| 650 |
0 |
|
|a Graph theory
|
| 700 |
0 |
2 |
|a Ramakrishnan, T V
|
| 942 |
|
|
|c REF
|
| 999 |
|
|
|c 27876
|d 27876
|
| 952 |
|
|
|0 0
|1 0
|4 0
|6 511_500000000000000_DIN
|7 0
|9 29650
|a KUCL
|b KUCL
|d 2014-05-23
|l 0
|o 511.5 DIN/
|p T0170
|r 2014-05-23
|w 2014-05-23
|y REF
|